[Event "Final Kubka SZFO 2018 "À""]
[Site "?"]
[Date "2018.12.04"]
[Round "2"]
[White "Palachev, Petr"]
[Black "Levin, Evgeny A"]
[Result "1/2-1/2"]
[WhiteElo "2402"]
[BlackElo "2516"]
[PlyCount "23"]
[EventDate "2018.12.05"]
[SourceDate "2018.12.05"]

1. d4 Nf6 2. c4 e6 3. Nf3 b6 4. g3 Ba6 5. b3 Bb4+ 6. Bd2 Be7 7. Nc3 Bb7 8. Bg2
d5 9. O-O O-O 10. cxd5 exd5 11. Bf4 Nbd7 12. Qc2 1/2-1/2

[Event "Final Kubka SZFO "À""]
[Site "?"]
[Date "2018.12.04"]
[Round "2"]
[White "Sokolov, Andrei"]
[Black "Teterev, Vitaly"]
[Result "1/2-1/2"]
[WhiteElo "2532"]
[BlackElo "2486"]
[PlyCount "33"]
[EventDate "2018.12.05"]
[SourceDate "2018.12.05"]

1. Nf3 Nf6 2. c4 g6 3. Nc3 Bg7 4. e4 d6 5. d4 O-O 6. Be2 e5 7. O-O exd4 8. Nxd4
Re8 9. f3 c6 10. Kh1 Nh5 11. g4 Nf6 12. Be3 h5 13. g5 Nfd7 14. Qd2 Nb6 15. Rad1
Qe7 16. a4 d5 17. cxd5 1/2-1/2

[Event "Final Kubka SZFO "À""]
[Site "?"]
[Date "2018.12.04"]
[Round "2"]
[White "Lintchevsky, Daniil"]
[Black "Gogolev, Artem"]
[Result "1/2-1/2"]
[WhiteElo "2516"]
[BlackElo "2377"]
[PlyCount "39"]
[EventDate "2018.12.05"]
[SourceDate "2018.12.05"]

1. e4 e5 2. Nf3 Nf6 3. Nxe5 d6 4. Nf3 Nxe4 5. d3 Nf6 6. d4 d5 7. Bd3 Bd6 8.
Qe2+ Qe7 9. Qxe7+ Kxe7 10. Bg5 Be6 11. Nbd2 Nbd7 12. O-O-O Rhe8 13. h3 h6 14.
Be3 c6 15. Nh4 Nh5 16. g3 Kd8 17. Ng2 f5 18. Rdg1 Ndf6 19. Nh4 g5 20. Nxf5
1/2-1/2

[Event "Final Kubka SZFO "À""]
[Site "?"]
[Date "2018.12.04"]
[Round "2"]
[White "Sitnikov, Anton"]
[Black "Kazakovskiy, Valeriy"]
[Result "0-1"]
[WhiteElo "2410"]
[BlackElo "2434"]
[PlyCount "80"]
[EventDate "2018.12.05"]
[SourceDate "2018.12.05"]

1. e4 c5 2. Nc3 Nc6 3. Nge2 Nf6 4. d4 cxd4 5. Nxd4 e5 6. Ndb5 d6 7. Nd5 Nxd5 8.
exd5 Ne7 9. c4 Nf5 10. Bd3 Be7 11. O-O O-O 12. Re1 a6 13. Nc3 Nh4 14. Kh1 f5
15. f4 exf4 16. Bxf4 Ng6 17. Bg3 Bf6 18. Qc2 Be5 19. Bxe5 Nxe5 20. c5 Bd7 21.
Bf1 Qa5 22. cxd6 Rae8 23. h3 Qc5 24. Qb3 b5 25. a4 b4 26. Ne2 f4 27. Ng1 Qxd6
28. Nf3 a5 29. Ng5 f3 30. gxf3 Qf6 31. Ne6 Nxf3 32. Re2 Bxe6 33. Rxe6 Qf4 34.
Qc2 Nd4 35. Qc4 Nxe6 36. dxe6 g6 37. e7+ Rf7 38. Re1 Qf2 39. Rc1 Rexe7 40. Qd5
Re1 0-1